000 03155cam a2200625 c 4500
001 1947601326
003 DE-627
005 20260324170625.0
007 cr uuu---uuuuu
008 251226s2022 gw |||||o 00| ||ger c
020 _a9783646723441
_cEPUB
024 7 _aurn:nbn:de:gbv:18-epflicht-302634
_2urn
035 _a(DE-627)1947601326
035 _a(DE-599)KEP122302486
035 _a(EPFHH-CARLSEN)9783646723441_9783646723441
035 _a(EPFHH)162acafb-c574-437a-b572-f21eea19a028
035 _a(DE-627-1)122302486
040 _aDE-627
_bger
_cDE-627
_erda
041 _ager
_hjpn
044 _cXA-DE-HH
072 7 _a9182
_2wsb
082 0 4 _a741.5
_qDE-576
245 0 0 _aDaisy Jealousy
_bYaoi-Einzelband ab 18 - Die Games-Branche von einer ganz neuen Seite! | Romantischer Boys-Love-Einzelband ab 18 über zwei Konkurrenten aus der Gaming-Szene
_cOgeretsu Tanaka, Victoria Maria Zach
250 _a1. Auflage
264 1 _aHamburg
_bHayabusa
_c2022
300 _a1 Online-Ressource (272 S.)
_bIllustrationen
336 _aText
_btxt
_2rdacontent
337 _aComputermedien
_bc
_2rdamedia
338 _aOnline-Ressource
_bcr
_2rdacarrier
520 _aZwischen Eifersucht und wachsender Zuneigung: Die Geschichte von Misaki und Kaname Misaki ist schon seit seiner Kindheit leidenschaftlicher Gamer und will mit einem Designstudium seinem Traum näherkommen, bei der Firma Gold Games zu arbeiten. Doch sein Weg dorthin ist nicht einfach. Vor allem wegen seines größten Rivalen im Studium, dem geheimnisvollen Kaname. Als kurz vor einer wichtigen Abgabe Kanames Daten gelöscht werden, bietet Misaki seine Hilfe an. Dabei entdeckt er, dass hinter Kanames unnahbarer Fassade viel mehr steckt. Die beiden ahnen nicht, welche emotionale Achterbahnfahrt ihnen bevorsteht. - Spice-Level: 2 von 5 Chilis. In diesem Boys-Love-Titel stehen die Gefühle im Mittelpunkt. Mit einzelnen expliziten Szenen. - Yaoi-Manga ab 18 Jahren über Leidenschaft und Rivalität in der Gaming-Welt - Einzelband Ein Muss für alle Fans von romantischen Slice-of-Life und Yaoi-Manga
583 1 _aArchivierung/Langzeitarchivierung gewährleistet
_fPEHH
_kDE-576
_2pdager
_5DE-18
650 4 _aDaisy Jealousy manga
650 4 _aTanaka Ogeretsu
650 4 _ayaoi manga deutsch 18 unzensiert
650 4 _agamer manga boys liebe
650 4 _abl manga einzelband
650 4 _agay manga
650 4 _aschwule Liebe
650 4 _aslice of life manga romance
650 4 _ahayabusa manga ab 18
650 4 _aboys love manga geschenk für nerds
650 4 _ahayabusa manga für erwachsene
650 4 _amanhwa yaoi
650 4 _aschwule liebesromane
650 4 _aromance manga ab 18
650 4 _aerotik manga
650 4 _ajapanische leserichtung
700 1 _aTanaka, Ogeretsu
_eVerfasserIn
_4aut
700 1 _aZach, Victoria Maria
_eÜbersetzerIn
_4trl
776 1 _z9783551621382
776 0 8 _iErscheint auch als
_nDruck-Ausgabe
_z9783551621382
856 4 0 _uhttps://nbn-resolving.org/urn:nbn:de:gbv:18-epflicht-302634
_mX:EPF
_zlizenzpflichtig
_71
942 _2ddc
_cMGA
_n0
951 _aBO
999 _c1543
_d1543